| 000 | 00874nam a22002177a 4500 | ||
|---|---|---|---|
| 010 | _a1617CH-EN | ||
| 020 |
_a9789380070858 _cRs.175.00 Hb |
||
| 035 | _aB-642671-693 | ||
| 035 | _aB-664848 | ||
| 037 |
_aDPL _bBSB/Ven. |
||
| 082 | _aS | ||
| 100 | _aLondon, Jack | ||
| 245 |
_aThe call of the wild / _cby Jack London |
||
| 260 |
_aNew Delhi _bOm Kidz _c2015 |
||
| 270 |
_a4379/4B, Prakash House, Ansari Road, _bNew Delhi _e110002 |
||
| 300 |
_a190p. _bill. _c20cm(Hb) |
||
| 490 | _aOm Illustrated Classics | ||
| 942 |
_2ddc _cCH _mLON _hS |
||
| 999 |
_c100393 _d100393 |
||